Kỹ thuật nuôi cá mú

Sách trình bày đặc điểm sinh học của cá Mú (cá song), kỹ thuật sinh sản giống cá Mú, vận chuyển cá giống. Các kỹ thuật nuôi cá Mú thịt cùng các biện pháp phòng và điều trị bệnh

Spremljeno u:
Bibliografski detalji
Glavni autor: Đoàn, Khắc Độ
Format: Knjiga
Jezik:Undetermined
Izdano: Đà Nẵng Nhà xuất bản Đà Nẵng 2008
Teme:
Oznake: Dodaj oznaku
Bez oznaka, Budi prvi tko označuje ovaj zapis!
Thư viện lưu trữ: Trung tâm Học liệu Trường Đại học Cần Thơ
LEADER 00897nam a2200205Ia 4500
001 CTU_151548
008 210402s9999 xx 000 0 und d
020 |c 18000 
082 |a 639.31 
082 |b Đ450cm 
100 |a Đoàn, Khắc Độ 
245 0 |a Kỹ thuật nuôi cá mú 
245 0 |c Đoàn Khắc Độ 
260 |a Đà Nẵng 
260 |b Nhà xuất bản Đà Nẵng 
260 |c 2008 
520 |a Sách trình bày đặc điểm sinh học của cá Mú (cá song), kỹ thuật sinh sản giống cá Mú, vận chuyển cá giống. Các kỹ thuật nuôi cá Mú thịt cùng các biện pháp phòng và điều trị bệnh 
650 |a Fisheries,Cá nước ngọt,Fishes-culture,Freshwater fishes 
904 |i Duy Bằng, Năm 
980 |a Trung tâm Học liệu Trường Đại học Cần Thơ